| 000 | 01087cam a2200313 4500 | ||
|---|---|---|---|
| 001 | 32419 | ||
| 003 | BD-RjUL | ||
| 005 | 20211209051831.0 | ||
| 008 | 140426s1983 i b b 001 0 eng | ||
| 035 | _a(BD-RjUL)32508 | ||
| 040 |
_aDLC _cDLC _dDLC _dBD-RjUL _beng |
||
| 041 | 1 | _aengchi | |
| 082 | 0 | 0 |
_a915.041 _bBUD 1983 |
| 245 | 1 | 0 |
_aSI-YU-KI Buddhist records of the Western World / _cTranslated from the Chinese of Hiuen Tsiang (A.D. 629) by Samuel Beal. |
| 250 | _a2nd ed. | ||
| 260 |
_aNew Delhi : _bMunshiram manoharlal, _c1983. |
||
| 300 |
_acviii, 369 p. : _bmap. ; _c23 cm. |
||
| 504 | _aBibliographical footnotes & Includes Index. | ||
| 600 | 1 | 0 |
_aSung, Yun. _dactive 6th century. _999144 |
| 650 | 0 |
_aBuddhism. _998631 |
|
| 650 | 0 |
_aChinese _zForeign countries. _966873 |
|
| 651 | 0 |
_aAsia, Central _xHistorical geography. _971243 |
|
| 651 | 0 |
_aIndia _xHistorical geography. _998632 |
|
| 700 | 1 |
_aBeal, Samuel, _d1825-1889, _etr. _998633 |
|
| 700 | 1 |
_a Tsiang,Hiuen. _998628 |
|
| 740 | 0 | _aBuddhist records of the Western World. | |
| 942 |
_2ddc _cBK |
||
| 999 |
_c32419 _d32419 |
||